| 000 | 01041nam a22002657a 4500 | ||
|---|---|---|---|
| 999 |
_c8389 _d8389 |
||
| 003 | AR-CdUCM | ||
| 008 | 190325b ||||| |||| 00| 0 spa d | ||
| 020 | _a84-309-0708-4 | ||
| 040 |
_aMUNICIPALIDAD PROVINCIAL DEL CUSCO _cBIBLIOTECA MUNICIPAL DEL CUSCO |
||
| 041 | _heng | ||
| 082 |
_a333.9122 / _bSA26 |
||
| 100 |
_aSaunders, Robert J. _923545 |
||
| 245 |
_aAgua para Zonas Rurales y Poblados : _bEconomía y Política en el Mundo en Desarrollo / |
||
| 260 |
_aMadrid : _bTecnos ; _c1977. |
||
| 300 |
_a271 páginas : _c23cm |
||
| 500 | _aPublicado para el Banco Mundial | ||
| 505 | _aContenido: La meta de una mejor salud -- Determinación de la prioridad de las inversiones -- Problemas especiales de la planificación del programa -- La tarifas de agua y la evaluación del proyecto... | ||
| 650 |
_aAgua _919441 |
||
| 650 |
_aProyecto _97347 |
||
| 650 |
_aRural _923546 |
||
| 700 |
_aWarford, Jeremy J. _923547 |
||
| 710 |
_aBanco Internacional de Reconstrucción y fomento _923548 |
||
| 942 |
_2ddc _cLIBROS |
||
| 945 | _anom | ||